Sörfogyasztási szokások és a kisüzemi sörök jövőbeli lehetőségeinek vizsgálata

Bibliográfiai részletek
Szerző: Sebe Dóra
További közreműködők: Debreceni János
Dokumentumtípus: Diplomadolgozat
Kulcsszavak:Kézműves sör
Sörfogyasztás
Kraft sör
Online Access:http://dolgozattar.uni-bge.hu/15385

MARC

LEADER 00000nta a2200000 i 4500
001 dolg15385
005 20180504101138.0
008 180504suuuu hu om 000 hun d
040 |a BGE Dolgozattár Repozitórium  |b hun 
041 |a hu 
100 1 |a Sebe Dóra 
245 1 0 |a Sörfogyasztási szokások és a kisüzemi sörök jövőbeli lehetőségeinek vizsgálata  |c Sebe Dóra  |h [elektronikus dokumentum] 
246 1 1 |a Sörfogyasztási szokások és a kisüzemi sörök jövőbeli lehetőségeinek vizsgálata 
695 |a Kézműves sör 
695 |a Sörfogyasztás 
695 |a Kraft sör 
700 1 |a Debreceni János  |e ths 
856 4 0 |u http://dolgozattar.uni-bge.hu/15385/1/Sebe%20D%C3%B3ra%20szakdolgozat.pdf  |z Dokumentum-elérés